Las enfermedades de la sangre / (Record no. 107496)

MARC details
000 -LEADER
campo de control de longitud fija 00637nam a2200193 4500
001 - NÚMERO DE CONTROL
campo de control 107496
003 - IDENTIFICADOR DE NÚMERO DE CONTROL
campo de control ES-MaACL
007 - CAMPO FIJO DE DESCRIPCIÓN FÍSICA--INFORMACIÓN GENERAL
campo de control de longitud fija t|
008 - DATOS DE LONGITUD FIJA--INFORMACIÓN GENERAL
campo de control de longitud fija 061121s1929 sp r ||||1| spa d
100 1# - ENTRADA PRINCIPAL--NOMBRE DE PERSONA
Nombre de persona Morawitz, P.
9 (RLIN) 83169
245 14 - MENCIÓN DEL TÍTULO
Título Las enfermedades de la sangre /
Mención de responsabilidad, etc. por el profesor P. Morawitz; traducida de la primera edición alemana por el Dr. Ignacio Bofill.
260 ## - PUBLICACIÓN, DISTRIBUCIÓN, ETC.
Lugar de publicación, distribución, etc. Madrid, etc. :
Nombre del editor, distribuidor, etc. Labor,
Fecha de publicación, distribución, etc. 1929.
300 ## - DESCRIPCIÓN FÍSICA
Extensión 120 p. ;
Dimensiones 21.
490 1# - MENCIÓN DE SERIE
Mención de serie Cursos de clínica médica ;
Designación de volumen o secuencia 1
700 1# - ENTRADA AGREGADA--NOMBRE PERSONAL
Nombre de persona Bofill, Ignacio.
9 (RLIN) 29774
830 0# - PUNTO DE ACCESO ADICIONAL DE SERIE-TÍTULO UNIFORME
Título uniforme Cursos de clínica médica ;
Designación de volumen o secuencia 1
9 (RLIN) 185388
852 ## - LOCALIZACIÓN
Ubicación ES-MaACL
Número de control de estantería C-7319
Holdings
Estatus retirado Estado de pérdida Estado de daño No para préstamo Biblioteca de origen Biblioteca actual Ubicación en estantería Fecha de adquisición Fuente de adquisición Total de préstamos Signatura topográfica completa Código de barras Visto por última vez Precio de reemplazo Tipo de ítem Koha
        Biblioteca del Ateneo de Madrid Biblioteca del Ateneo de Madrid Sala Palomar 17/01/2008     C-7319 1112188 23/02/2023 23/02/2023 Libro impreso